|
|
|
|
| LEADER |
00000nam a2200000 i 4500 |
| 001 |
IT\ICCU\RMB\0801034 |
| 003 |
ItRI |
| 005 |
20260115232117.0 |
| 008 |
180704s2018 it |||||| ||||| |||||c |
| 015 |
|
|
|2 IT
|a 2018-11232
|
| 020 |
|
|
|a 9788859016267
|
| 040 |
|
|
|b ita
|c importazione bologna sebina
|
| 041 |
|
7 |
|a ita
|2 ISO-639-2
|
| 082 |
|
|
|a 306.7660945
|9 OMOSESSUALITA. Italia
|2 23
|
| 100 |
1 |
|
|a Fiorucci, Andrea
|0 IT\ICCU\BA1V\018931
|
| 245 |
1 |
0 |
|a Omofobia, bullismo e scuola :
|b atteggiamenti degli insegnanti e sviluppo di pratiche inclusive a sostegno della differenza /
|c Andrea Fiorucci.
|
| 260 |
|
|
|a Trento :
|b Erickson,
|c 2018
|
| 300 |
|
|
|a 151 p. ;
|c 24 cm.
|
| 650 |
|
7 |
|a Omofobia
|x Ruolo [del] Bullismo
|x Prevenzione [da parte delle] Scuole
|x Italia
|2 nsbncf
|
| 830 |
|
0 |
|a U&R
|0 IT\ICCU\RMB\0795580
|
| 942 |
|
|
|2 ddc
|c BK
|n 0
|
| 952 |
|
|
|0 0
|1 0
|4 0
|6 DOC_371_900000000000000_FIO
|7 0
|9 20203
|a BO
|b BO
|d 2026-01-15
|i 19251
|l 0
|o DOC 371.9 FIO
|p BO19251
|r 2026-01-15 23:21:17
|w 2026-01-15
|x [Sebina 5] [1 v.]
|y BK
|z 1 v.
|
| 999 |
|
|
|c 17232
|d 17232
|